Αιώνων όνειρα
Αποθηκεύτηκε σε:
| Κύριος συγγραφέας: | |
|---|---|
| Μορφή: | Βιβλίο |
| Γλώσσα: | Greek |
| Δημοσίευση: |
Αθήνα :
Νέα Σύνορα,
1997.
|
| Σειρά: | Ελληνική λογοτεχνία (Νέα Σύνορα)
|
| Θέματα: | |
| Ετικέτες: |
Προσθήκη ετικέτας
Δεν υπάρχουν, Καταχωρήστε ετικέτα πρώτοι!
|
MARC
| LEADER | 00000cam a2200000 i 4500 | ||
|---|---|---|---|
| 001 | 1/19665 | ||
| 008 | 010612s1997 gr | ||| |||| ||gre|| | ||
| 020 | |a 9602367652 | ||
| 035 | |l 10066935 | ||
| 040 | |a GR-MyUA |b gre |e AACR2 | ||
| 041 | 0 | |a gre | |
| 082 | 0 | |a 889.3 | |
| 100 | 1 | |a Μουντουφάρης, Σταύρος, |d 1969- | |
| 245 | 1 | 0 | |a Αιώνων όνειρα / |c Σταύρος Μουντουφάρης. |
| 260 | |a Αθήνα : |b Νέα Σύνορα, |c 1997. | ||
| 300 | |a 295 σ. ; |c 21 εκ. | ||
| 490 | 1 | |a (Ελληνική λογοτεχνία (Εκδόσεις Νέα Σύνορα)) | |
| 650 | 0 | 0 | |a Greek fiction. |
| 830 | 0 | |a Ελληνική λογοτεχνία (Νέα Σύνορα) | |
| 852 | |a INST |b SAMOS |e 20010612 |h 889.3 ΜΟΥ |p 005300021995 |q 005300021995 |t BK |y 0 | ||
| 901 | |a BIBL3-2001-2 | ||
| 909 | |a Σ |b 081920 | ||
| 970 | |a ΠΟΥΡΝΑΡΑΣ |b ΔΗΜΗΤΡΗΣ |z 2001/06/12 | ||